[Event "27th Czech Open A 2016"]
[Site "Pardubice CZE"]
[Date "2016.07.26"]
[Round "5.62"]
[White "Strugnell, Carl"]
[Black "Sundararajan, Kidambi"]
[Result "0-1"]
[WhiteTitle "FM"]
[BlackTitle "GM"]
[WhiteElo "2238"]
[BlackElo "2456"]
[WhiteFideId "616753"]
[BlackFideId "5005370"]
[EventDate "2016.07.22"]

1. e4 c6 2. d4 d5 3. e5 Bf5 4. Nf3 e6 5. Be2 c5 6. Be3 cxd4 7. Nxd4 Ne7 8. Nd2
Nbc6 9. N2f3 Bg4 10. O-O Bxf3 11. Nxf3 g6 12. Qc1 Bg7 13. Bh6 O-O 14. Bxg7 Kxg7
15. c4 dxc4 16. Bxc4 Nd4 17. Qf4 Nxf3+ 18. Qxf3 Nc6 19. Qf4 Qd4 20. Qxd4 Nxd4
21. Rfd1 Rfd8 22. Bd3 Nc6 23. f4 Rd4 24. g3 Rad8 25. Be2 Rd2 26. Bf3 Nd4 27. Bg4
Rxb2 28. Rab1 Rxa2 29. Rxb7 h5 30. Rb4 hxg4 31. Rbxd4 Rxd4 32. Rxd4 a5 33. Rd7
a4 34. Ra7 a3 35. Kh1 g5 36. f5 exf5 37. e6 Re2 38. e7 Kf6 39. Kg1 Rxe7 40. Rxa3
Re2 41. Ra8 f4 42. Ra4 Kf5 43. Rb4 f6 44. Ra4 Ke5 45. Rb4 f5 46. Ra4 Rd2 47. Rb4
fxg3 48. hxg3 f4 49. Kf1 Rd3 0-1

[Event "27th Czech Open A 2016"]
[Site "Pardubice CZE"]
[Date "2016.07.26"]
[Round "5.63"]
[White "Neuman, Petr"]
[Black "Contin, Daniel"]
[Result "1/2-1/2"]
[WhiteTitle "GM"]
[BlackTitle "IM"]
[WhiteElo "2446"]
[BlackElo "2232"]
[WhiteFideId "305243"]
[BlackFideId "803618"]
[EventDate "2016.07.22"]

1. c4 c5 2. g3 Nf6 3. Bg2 d5 4. cxd5 Nxd5 5. Nc3 Nc7 6. Qb3 Nc6 7. Bxc6+ bxc6 8.
Qa4 Qd7 9. Nf3 f6 10. d3 e5 11. O-O Ne6 12. Be3 Rb8 13. Rab1 Be7 14. Rfc1 O-O
15. Ne4 Rb5 16. Qc2 Bb7 17. a4 Rb4 18. b3 c4 19. bxc4 Rxb1 20. Rxb1 c5 21. Nc3
Bc6 22. Nd5 Bd6 23. Nd2 Bxa4 24. Qa2 f5 25. f3 Bc6 26. Bf2 h5 27. Ra1 Rf7 28.
Nb3 Nd4 29. Kg2 Qe6 30. Na5 Ba8 31. e3 Nc6 32. Nxc6 Bxc6 33. e4 h4 34. Qe2 h3+
35. Kg1 Rb7 36. Be3 Qc8 37. Qc2 Qb8 38. Bc1 fxe4 39. dxe4 Rb3 40. Ra3 Rxa3 41.
Bxa3 Qb7 42. Kf2 Qa6 43. Qd3 Kf7 44. g4 Qc8 45. Nf4 Be7 46. Nxh3 a5 47. Qe3 Qe6
48. Bxc5 Bh4+ 49. Kg2 1/2-1/2

[Event "27th Czech Open A 2016"]
[Site "Pardubice CZE"]
[Date "2016.07.26"]
[Round "5.64"]
[White "Holtman, Teodor"]
[Black "Bryzgalin, Kirill"]
[Result "1-0"]
[BlackTitle "GM"]
[WhiteElo "2238"]
[BlackElo "2442"]
[WhiteFideId "14933721"]
[BlackFideId "4133285"]
[EventDate "2016.07.22"]

1. e4 c5 2. Nf3 e6 3. Nc3 a6 4. d4 cxd4 5. Nxd4 b5 6. Bd3 Qb6 7. Nb3 Qc7 8. O-O
Bb7 9. Qe2 Nc6 10. f4 d6 11. Bd2 Nf6 12. Rae1 Be7 13. Kh1 O-O 14. Rf3 b4 15. Na4
e5 16. f5 Rfe8 17. Rg3 Kh8 18. Be3 d5 19. Nb6 dxe4 20. Nxa8 Rxa8 21. Bc4 a5 22.
c3 a4 23. Nd2 a3 24. bxa3 bxc3 25. Nb3 Rxa3 26. Bxf7 Ba6 27. Bc4 Nb4 28. Bxa6
Rxa6 29. Nc1 Rc6 30. Bg5 Nbd5 31. Bxf6 Nxf6 32. Qc2 Rc4 33. Rge3 h6 34. Nb3 Ba3
35. h3 Bb2 36. Kh2 Qa7 37. R3e2 Qxa2 38. Ra1 1-0

[Event "27th Czech Open A 2016"]
[Site "Pardubice CZE"]
[Date "2016.07.26"]
[Round "5.65"]
[White "Yagupov, Igor"]
[Black "Spitzl, Vinzent"]
[Result "1-0"]
[WhiteTitle "GM"]
[WhiteElo "2405"]
[BlackElo "2238"]
[WhiteFideId "4113632"]
[BlackFideId "12901253"]
[EventDate "2016.07.22"]

1. e4 c5 2. Nf3 d6 3. d4 cxd4 4. Nxd4 Nf6 5. Nc3 a6 6. f3 e5 7. Nb3 Be7 8. Be3
Be6 9. Qd2 h5 10. Nd5 Nxd5 11. exd5 Bf5 12. Be2 Bh4+ 13. g3 Be7 14. O-O Nd7 15.
Na5 Rb8 16. c4 Bh3 17. Rfd1 f5 18. b4 h4 19. g4 O-O 20. Kh1 fxg4 21. fxg4 Nf6
22. Rg1 Qc8 23. Qd1 Qe8 24. Qc2 Qf7 25. Qf5 Kh8 26. Qf3 Bxg4 27. Rxg4 Nxg4 28.
Qxg4 Qf5 29. Qxf5 Rxf5 30. Bg4 Rf7 31. Kg2 Kh7 32. c5 dxc5 33. bxc5 Kg6 34. Nc4
Bf6 35. Nd6 Rc7 36. Ne4 Rd8 37. d6 Rc6 38. Be6 1-0

[Event "27th Czech Open A 2016"]
[Site "Pardubice CZE"]
[Date "2016.07.26"]
[Round "5.66"]
[White "Lomasov, Semen"]
[Black "Rous, Daniel"]
[Result "1-0"]
[WhiteTitle "FM"]
[WhiteElo "2395"]
[BlackElo "2232"]
[WhiteFideId "24164879"]
[BlackFideId "338150"]
[EventDate "2016.07.22"]

1. e4 c5 2. Nf3 d6 3. d4 cxd4 4. Nxd4 Nf6 5. Nc3 a6 6. Bg5 e6 7. f4 h6 8. Bh4
Qb6 9. a3 Be7 10. Bf2 Qc7 11. Qf3 b5 12. O-O-O Bb7 13. g4 d5 14. e5 Ne4 15. Nxe4
dxe4 16. Qe3 Nc6 17. Nxc6 Qxc6 18. Kb1 O-O 19. Bg2 b4 20. axb4 a5 21. b5 Qxb5
22. Qb6 Qxb6 23. Bxb6 Ra6 24. Bd4 f5 25. exf6 Bxf6 26. Rhf1 Rd6 27. Bc5 Rxd1+
28. Rxd1 Rc8 29. Be3 a4 30. Kc1 Bd5 31. Bd4 Rc4 32. Bxf6 gxf6 33. Bf1 Rc5 34.
Rd4 Bb3 35. c3 f5 36. gxf5 exf5 37. Kd2 Kg7 38. c4 Rc6 39. Kc3 Rg6 40. Bh3 Rg1
41. Bxf5 Rc1+ 42. Kb4 e3 43. Bg4 Rc2 44. Re4 Rxb2 45. Rxe3 Rxh2 46. c5 Rh4 47.
Rg3 Kf6 48. c6 Be6 49. Bxe6 Kxe6 50. Kc5 Rh1 51. Re3+ Kf5 52. Rc3 Rg1 53. c7 Rg8
54. Rh3 a3 55. Rxh6 Rc8 56. Kc6 Ra8 57. Rh1 Kxf4 58. Kb7 Rg8 59. c8=Q Rxc8 60.
Kxc8 1-0

[Event "27th Czech Open A 2016"]
[Site "Pardubice CZE"]
[Date "2016.07.26"]
[Round "5.67"]
[White "Vidic, Teja"]
[Black "Batchimeg, Tuvshintugs"]
[Result "0-1"]
[WhiteTitle "WFM"]
[BlackTitle "IM"]
[WhiteElo "2235"]
[BlackElo "2391"]
[WhiteFideId "14605511"]
[BlackFideId "4900839"]
[EventDate "2016.07.22"]

1. e4 e5 2. Nf3 Nc6 3. Bb5 a6 4. Ba4 Nf6 5. O-O Be7 6. Re1 b5 7. Bb3 d6 8. c3
O-O 9. d4 Bg4 10. Be3 exd4 11. cxd4 Na5 12. Bc2 Nc4 13. Bc1 c5 14. b3 Na5 15.
Nbd2 Nc6 16. h3 Bh5 17. g4 Nxg4 18. hxg4 Bxg4 19. d5 Nd4 20. Bb2 Bf6 21. Bxd4
Bxd4 22. Rb1 Qf6 23. e5 Bxe5 24. Kg2 Rae8 25. Ne4 Qg6 26. Ng3 Bxf3+ 27. Kxf3 f5
28. Kg2 Qf6 29. Qh5 g6 30. Qh6 Bxg3 31. fxg3 Qc3 32. Rxe8 Qxc2+ 0-1

[Event "27th Czech Open A 2016"]
[Site "Pardubice CZE"]
[Date "2016.07.26"]
[Round "5.68"]
[White "Tunik, Gennady"]
[Black "Mueller, Constantin"]
[Result "1/2-1/2"]
[WhiteTitle "GM"]
[WhiteElo "2390"]
[BlackElo "2229"]
[WhiteFideId "4101219"]
[BlackFideId "24697630"]
[EventDate "2016.07.22"]

1. d4 e6 2. Nf3 Nf6 3. c4 d5 4. Nc3 Nbd7 5. cxd5 exd5 6. Bf4 c6 7. e3 Nh5 8. Bg3
Nxg3 9. hxg3 g6 10. Bd3 Bg7 11. Qc2 b6 12. e4 O-O 13. O-O-O Bb7 14. exd5 cxd5
15. Kb1 Re8 16. Nb5 Nf8 17. Qc7 Ba6 18. Qxd8 Rexd8 19. Nc7 Bxd3+ 20. Rxd3 Rac8
21. Rc1 Ne6 22. Nxe6 Rxc1+ 23. Kxc1 Rc8+ 24. Nc5 bxc5 25. Rc3 c4 26. Ra3 Rc7 27.
Ra5 Rd7 28. Kd2 Bf6 29. Kc3 Bd8 30. Rb5 f6 31. g4 Kf7 32. g5 Ke6 33. gxf6 Bxf6
34. b3 cxb3 35. axb3 h5 36. Kd3 g5 37. Ne1 g4 38. g3 h4 39. gxh4 Bxh4 40. Ke3
Rf7 41. Nd3 g3 42. fxg3 Bxg3 43. Nb4 Bf2+ 44. Kd3 Rf3+ 45. Ke2 Rf5 46. Nc2 Bg1
47. Rb8 Rf4 48. Kd3 Kd7 49. Kc3 Rf3+ 50. Kb4 Rd3 51. Rb5 Kd6 52. Ra5 Bxd4 53.
Nxd4 1/2-1/2

[Event "27th Czech Open A 2016"]
[Site "Pardubice CZE"]
[Date "2016.07.26"]
[Round "5.69"]
[White "Chovan, Milan"]
[Black "Kvetny, Mark"]
[Result "0-1"]
[WhiteTitle "FM"]
[BlackTitle "FM"]
[WhiteElo "2226"]
[BlackElo "2379"]
[WhiteFideId "14933691"]
[BlackFideId "24603929"]
[EventDate "2016.07.22"]

1. c4 c5 2. Nc3 g6 3. g3 Bg7 4. Bg2 Nc6 5. e3 e5 6. Nge2 Nge7 7. O-O O-O 8. a3
d6 9. Rb1 Be6 10. Nd5 b5 11. cxb5 Bxd5 12. Bxd5 Nxd5 13. bxc6 Rc8 14. d4 cxd4
15. exd4 Rxc6 16. Qb3 Qa5 17. Qd3 Ne7 18. dxe5 dxe5 19. Rd1 Nf5 20. Bd2 Qc7 21.
Bc3 h5 22. Qd7 Nd4 23. Qxc7 Nxe2+ 24. Kf1 Nxg3+ 25. hxg3 Rxc7 26. Rd5 Re8 27.
Re1 e4 28. Bxg7 Kxg7 29. Rd4 Rce7 30. Re3 f5 31. Rd6 Re6 32. Rd5 Re5 33. Rd2 Kf6
34. Ke2 Rc8 35. Rb3 Rc6 36. Rb7 a6 37. b4 Kg5 38. a4 Ree6 39. Ke3 Rc3+ 40. Kd4
Ra3 41. Kd5 Re8 42. Kc5 Rc8+ 43. Kb6 Rxa4 0-1

[Event "27th Czech Open A 2016"]
[Site "Pardubice CZE"]
[Date "2016.07.26"]
[Round "5.70"]
[White "Aguera Naredo, Javier"]
[Black "Bibik, Jura"]
[Result "1-0"]
[WhiteTitle "FM"]
[BlackTitle "IM"]
[WhiteElo "2374"]
[BlackElo "2225"]
[WhiteFideId "2204169"]
[BlackFideId "4113071"]
[EventDate "2016.07.22"]

1. e4 e5 2. Nf3 Nc6 3. Bb5 a6 4. Ba4 Nge7 5. Bb3 h6 6. c3 d6 7. d4 Ng6 8. h4 Be7
9. g3 Bg4 10. Be3 Qd7 11. Nbd2 f5 12. exf5 Qxf5 13. Bc2 Qh5 14. d5 Nb8 15. Qb1
Nf8 16. Nh2 Bd7 17. Be4 a5 18. Qc2 Na6 19. Bf3 Qf7 20. O-O-O Nc5 21. Bxc5 dxc5
22. Nc4 Qf6 23. Rhe1 Bd6 24. Bh5+ Kd8 25. f4 exf4 26. Ng4 Bxg4 27. Re8+ Kd7 28.
Qa4+ c6 29. Nb6+ 1-0

[Event "27th Czech Open A 2016"]
[Site "Pardubice CZE"]
[Date "2016.07.26"]
[Round "5.71"]
[White "Plischki, Sebastian"]
[Black "Dobes, Vojtech"]
[Result "1/2-1/2"]
[WhiteTitle "IM"]
[WhiteElo "2373"]
[BlackElo "2220"]
[WhiteFideId "4637143"]
[BlackFideId "333913"]
[EventDate "2016.07.22"]

1. d4 Nf6 2. c4 e6 3. Nf3 b6 4. g3 Bb7 5. Bg2 Be7 6. O-O O-O 7. Nc3 Ne4 8. Bd2
f5 9. Qc2 Nxc3 10. Bxc3 a5 11. Rad1 Be4 12. Qc1 d6 13. Qe3 Re8 14. Rfe1 Bf6 15.
Bh3 Nd7 16. Nd2 Bb7 17. Qd3 Nf8 18. e4 g6 19. exf5 exf5 20. d5 Bxc3 21. Qxc3 Nd7
22. Nf3 Qf6 23. Qxf6 Nxf6 24. Nd4 Rxe1+ 25. Rxe1 Re8 26. Rxe8+ Nxe8 27. g4 fxg4
28. Bxg4 Kf7 29. Kg2 Ke7 30. Kg3 Nf6 31. f3 Nxg4 32. fxg4 Kf6 33. Kf4 g5+ 34.
Ke4 Bc8 35. Nb5 Bxg4 36. Nxc7 Bf5+ 37. Kd4 h5 38. Nb5 Ke7 39. Nc3 Bc2 40. a3 h4
41. b4 axb4 42. axb4 Kf6 43. Nb5 g4 44. Ke3 Ke5 45. Nd4 Bd1 46. Nc6+ Kf6 47. Nd4
Ke5 48. Nc6+ Kf6 1/2-1/2

[Event "27th Czech Open A 2016"]
[Site "Pardubice CZE"]
[Date "2016.07.26"]
[Round "5.72"]
[White "Krykun, Yuriy"]
[Black "Schuh, Dirk"]
[Result "1/2-1/2"]
[WhiteTitle "FM"]
[BlackTitle "IM"]
[WhiteElo "2217"]
[BlackElo "2373"]
[WhiteFideId "14140667"]
[BlackFideId "4655311"]
[EventDate "2016.07.22"]

1. d4 d5 2. Nf3 Nf6 3. c4 e6 4. g3 dxc4 5. Bg2 Nc6 6. Qa4 Nd7 7. Qxc4 Nb6 8. Qb5
a6 9. Qd3 e5 10. Nxe5 Nb4 11. Qd1 Qxd4 12. Qxd4 Nc2+ 13. Kd1 Nxd4 14. e3 Ne6 15.
Nd2 Be7 16. Ke2 Nc5 17. Nb3 Nxb3 18. axb3 f6 19. Nc4 Bg4+ 20. Bf3 Bxf3+ 21. Kxf3
Nd7 22. Rd1 O-O-O 23. Bd2 Nc5 24. Bb4 Rhe8 25. Bxc5 Bxc5 26. g4 Re6 27. Rxd8+
Kxd8 28. Rd1+ Kc8 29. Rd5 Ba7 30. Rh5 h6 31. h4 b5 32. Nd2 Rc6 33. g5 hxg5 34.
hxg5 Rc2 35. gxf6 gxf6 36. Ke2 Bb6 37. Kd1 Rxb2 38. Kc1 Ra2 39. Rf5 Kd7 40. Rxf6
a5 41. Ne4 a4 42. bxa4 Rxa4 43. Nc3 Rc4 44. Kb2 c6 45. Ne2 Rh4 46. Rf4 Rh2 47.
Nd4 Bxd4+ 1/2-1/2

[Event "27th Czech Open A 2016"]
[Site "Pardubice CZE"]
[Date "2016.07.26"]
[Round "5.73"]
[White "Soumya, Swaminathan"]
[Black "Varitski, Igor"]
[Result "1-0"]
[WhiteTitle "WGM"]
[BlackTitle "IM"]
[WhiteElo "2370"]
[BlackElo "2208"]
[WhiteFideId "5016193"]
[BlackFideId "14102862"]
[EventDate "2016.07.22"]

1. e4 c6 2. d4 d5 3. Nc3 dxe4 4. Nxe4 Bf5 5. Ng3 Bg6 6. h4 h6 7. Nf3 e6 8. h5
Bh7 9. Bd3 Bxd3 10. Qxd3 Nf6 11. Bd2 c5 12. Qb3 Qb6 13. Qxb6 axb6 14. c4 Nc6 15.
Bc3 cxd4 16. Nxd4 Nxd4 17. Bxd4 Bc5 18. Bc3 O-O-O 19. Ke2 Bd4 20. Rac1 Bxc3 21.
Rxc3 Rd4 22. f3 Rhd8 23. Rc2 Kc7 24. b3 Kc6 25. Nf1 Rd1 26. g4 e5 27. Ng3 Rxh1
28. Nxh1 e4 29. Nf2 Re8 30. Ke3 exf3+ 31. Kxf3 Nh7 32. Ne4 Rd8 33. Rf2 Rd7 34.
Ke3 Re7 35. Kd3 Rd7+ 36. Kc3 Re7 37. Rf4 f6 38. Kc2 Re5 39. Ng3 Ng5 40. Kd2 Kc5
41. a3 Ne6 42. b4+ Kd6 43. Rf5 Nd4 44. Rf4 Ne6 45. Rf3 Kc6 46. Re3 Rxe3 47. Kxe3
b5 48. c5 Kd5 49. Nf5 Kc4 50. Nd6+ Kb3 51. Nxb5 Ka4 52. Nd4 Nc7 53. Kd3 Nd5 54.
b5 Kxa3 55. Ke4 Nc3+ 56. Kf5 Kb4 57. c6 bxc6 58. b6 1-0

[Event "27th Czech Open A 2016"]
[Site "Pardubice CZE"]
[Date "2016.07.26"]
[Round "5.74"]
[White "Jasny, Stanislav"]
[Black "Okun, Evgeny"]
[Result "1-0"]
[WhiteTitle "IM"]
[WhiteElo "2367"]
[BlackElo "2207"]
[WhiteFideId "311030"]
[BlackFideId "24131806"]
[EventDate "2016.07.22"]

1. e4 c5 2. Nf3 Nc6 3. d4 cxd4 4. Nxd4 g6 5. Nc3 Bg7 6. Be3 Nf6 7. Bc4 Qa5 8.
O-O O-O 9. Bb3 d6 10. h3 Bd7 11. Re1 Rac8 12. Nd5 Nxd5 13. exd5 Nxd4 14. Bxd4
Rfe8 15. Bxg7 Kxg7 16. Qd4+ Kg8 17. c3 Qb6 18. Qxb6 axb6 19. Re4 e5 20. dxe6
fxe6 21. Rd1 d5 22. Rb4 b5 23. Re1 Rc7 24. f4 Kg7 25. h4 Rf8 26. g4 Bc8 27. Kg2
Rcf7 28. Kg3 Bd7 29. Re5 h6 30. Bc2 Ra8 31. a3 Kf6 32. g5+ hxg5 33. Rxg5 Rg7 34.
Bd3 Ra4 35. Rxa4 bxa4 36. c4 Bc6 37. cxd5 Bxd5 38. Bb5 Bc6 39. Re5 Bxb5 40. Rxb5
Rd7 41. Kg4 Rd1 42. Rxb7 Rg1+ 43. Kf3 Rf1+ 44. Kg3 Rg1+ 45. Kf2 Rg4 46. Rb4 Rxh4
47. Kg3 Rh1 48. Rxa4 Rg1+ 49. Kf2 Rc1 50. Rb4 Ke7 51. Rb6 Kf6 52. Rb5 Ke7 53.
Kf3 Kd6 54. a4 Rf1+ 55. Kg3 Rg1+ 56. Kf2 Rc1 57. a5 Ra1 58. b4 Kc7 59. Rb6 Rb1
60. Kf3 Rf1+ 61. Ke4 Re1+ 62. Kd4 Rd1+ 63. Kc3 Re1 64. Kb3 Re4 65. Ka4 Rxf4 66.
Rxe6 Kb7 67. Rxg6 Rh4 68. Rb6+ Ka7 69. Rd6 Rh5 70. b5 Rh4+ 71. Kb3 Rg4 72. Rc6
Kb7 73. Rc4 Rg1 74. Kb4 Rg5 75. Rd4 Rh5 76. Kc4 Rg5 77. Rd7+ Ka8 78. Rd5 Rg8 79.
Kc5 Rc8+ 80. Kb6 Rb8+ 81. Ka6 Rg8 82. b6 Re8 83. Kb5 Rg8 84. a6 Rb8 85. Re5 Rg8
86. a7 Kb7 87. Re7+ 1-0

[Event "27th Czech Open A 2016"]
[Site "Pardubice CZE"]
[Date "2016.07.26"]
[Round "5.75"]
[White "Mueer, Sebastian"]
[Black "Spalir, Jernej"]
[Result "1-0"]
[BlackTitle "FM"]
[WhiteElo "2216"]
[BlackElo "2364"]
[WhiteFideId "24622001"]
[BlackFideId "14606518"]
[EventDate "2016.07.22"]

1. Nf3 Nf6 2. c4 e6 3. g3 d5 4. Bg2 dxc4 5. O-O a6 6. a4 Nc6 7. Na3 Na5 8. Qc2
Qd5 9. Rd1 Bd6 10. d3 cxd3 11. Rxd3 Qc5 12. Qd1 O-O 13. Bd2 Qh5 14. Rd4 Nc6 15.
Rh4 Qg6 16. Nc4 e5 17. Bc3 Rd8 18. Qb3 Be6 19. Qxb7 e4 20. Bxf6 Qxf6 21. Qxc6
exf3 22. Qxf3 Qxf3 23. Bxf3 Rab8 24. Nxd6 Rxd6 25. b4 Rdb6 26. Rd1 g5 27. Rh5 f6
28. Bd5 Bxd5 29. Rxd5 Rd6 30. Rxd6 cxd6 31. h4 h6 32. Rxh6 Rxb4 33. hxg5 Rxa4
34. Rg6+ Kh7 35. Rxf6 Rd4 36. f4 a5 37. Kf2 a4 38. f5 Rd5 39. g4 Ra5 40. Rxd6 a3
41. Rd7+ Kg8 42. Rd8+ Kg7 43. Rd1 a2 44. Ra1 Ra4 45. Kg3 Ra3+ 46. Kh4 Kf7 47. e4
Kg7 48. e5 Ra8 49. g6 Kh6 50. g5+ Kg7 51. Kg4 Ra3 52. e6 Ra8 53. e7 Ra3 54. f6+
Kg8 55. e8=Q# 1-0

[Event "27th Czech Open A 2016"]
[Site "Pardubice CZE"]
[Date "2016.07.26"]
[Round "5.76"]
[White "Kulkarni, Bhakti"]
[Black "Richterova, Natasa"]
[Result "1-0"]
[WhiteTitle "CM"]
[BlackTitle "WFM"]
[WhiteElo "2363"]
[BlackElo "2191"]
[WhiteFideId "5019516"]
[BlackFideId "350591"]
[EventDate "2016.07.22"]

1. d4 d5 2. c4 c6 3. Nc3 Nf6 4. e3 a6 5. Nf3 b5 6. b3 Bg4 7. Bd2 e6 8. h3 Bxf3
9. Qxf3 Bb4 10. Bd3 Qa5 11. Rc1 O-O 12. Qe2 Nbd7 13. O-O dxc4 14. bxc4 bxc4 15.
Bxc4 c5 16. dxc5 Nxc5 17. a3 Bxc3 18. Bxc3 Qxa3 19. Bxf6 gxf6 20. Qg4+ Kh8 21.
Qd4 Nb7 22. Qxf6+ Kg8 23. Qg5+ Kh8 24. Bxe6 fxe6 25. Rc7 Qb2 26. Qh6 1-0

[Event "27th Czech Open A 2016"]
[Site "Pardubice CZE"]
[Date "2016.07.26"]
[Round "5.77"]
[White "Volodin, Viktor"]
[Black "Lokander, Martin"]
[Result "1/2-1/2"]
[WhiteTitle "IM"]
[BlackTitle "FM"]
[WhiteElo "2190"]
[BlackElo "2359"]
[WhiteFideId "4108701"]
[BlackFideId "1709569"]
[EventDate "2016.07.22"]

1. Nf3 Nf6 2. c4 g6 3. d4 Bg7 4. g3 O-O 5. Bg2 d6 6. O-O Nc6 7. Nc3 a6 8. d5 Na5
9. Nd2 c5 10. Qc2 b5 11. cxb5 axb5 12. Nxb5 Bf5 13. e4 Bc8 14. Re1 Qb6 15. Na3
Ba6 16. Bf1 Bxf1 17. Rxf1 Ng4 18. Ndc4 Nxc4 19. Nxc4 Qb5 20. Bd2 Rfb8 21. a4 Qb3
22. Qxb3 Rxb3 23. a5 Ne5 24. Nxe5 Bxe5 25. Rfb1 c4 26. Ra3 Rxa3 27. bxa3 c3 28.
Bh6 f5 29. a6 Kf7 30. a7 Rxa7 31. Rb8 Bg7 32. Bxg7 Kxg7 33. exf5 Rc7 34. Rb1
gxf5 35. f4 Rc5 36. Rc1 c2 37. Kf2 h5 38. Ke3 Rc3+ 39. Kd4 Rxa3 40. Rxc2 h4 41.
Rc3 Ra2 42. gxh4 Rxh2 43. Rg3+ Kf6 44. Rg1 Rxh4 45. Ke3 Rh3+ 46. Ke2 Rc3 47. Rd1
Rc4 48. Ke3 Re4+ 49. Kf3 Kf7 50. Rd2 Ke8 51. Rd1 Kd7 52. Rb1 Rd4 53. Rb5 Rc4 54.
Rb7+ Ke8 55. Rb1 Rd4 56. Rb5 Kd7 57. Ra5 Rb4 58. Ra7+ Ke8 59. Ra3 Rd4 60. Ra5
Kf7 61. Ke3 Re4+ 62. Kf3 Kg6 63. Ra7 Kf6 64. Ra1 Rd4 65. Ra5 Rd3+ 66. Ke2 Rc3
67. Ra1 Rg3 68. Ra7 Rg2+ 69. Ke3 Rg1 70. Ke2 Rc1 71. Ra2 Kg6 72. Ra7 Kf6 73. Ra2
Rc5 74. Rd2 Kg6 75. Kf3 Rc3+ 76. Kf2 Kh5 77. Re2 Kg4 78. Rxe7 Rd3 79. Re6 Rxd5
80. Ke3 Kh5 81. Rf6 Kg4 82. Rg6+ Kh3 83. Kf3 Kh2 84. Kf2 Rd2+ 85. Ke3 Rd5 86.
Kf2 Kh3 87. Kf3 Rd3+ 88. Ke2 Rg3 89. Rxd6 Kg4 90. Rd4 Rf3 91. Ra4 Kg3 92. Rb4
Rf2+ 93. Ke3 Ra2 94. Rc4 Ra8 95. Ke2 Kg2 96. Rc5 Re8+ 97. Kd3 Rf8 98. Ke2 Kg3
99. Rc3+ Kg4 100. Kf2 Ra8 101. Rg3+ Kxf4 102. Rf3+ Ke4 103. Re3+ Kf4 104. Rf3+
Ke5 105. Re3+ Kf6 106. Rb3 Ra2+ 107. Kf3 Rh2 108. Kg3 Rc2 109. Ra3 Kg5 110. Rb3
Rc4 111. Ra3 Rg4+ 112. Kf3 Rh4 113. Ra5 Rh3+ 114. Kg2 Rd3 115. Kf2 Kg4 116. Ra8
Rb3 117. Ra7 Rb2+ 118. Kf1 Rb1+ 119. Kf2 Rb3 120. Ra8 Rd3 121. Ra7 Rd2+ 122. Kf1
Kf3 123. Ra3+ Ke4 124. Rb3 Rh2 125. Ra3 Kf4 126. Rb3 Kg4 127. Rb4+ Kg5 128. Rb3
Rh4 129. Ra3 Rb4 130. Kf2 Kg4 131. Rg3+ Kf4 132. Rf3+ Ke5 133. Ra3 Rc4 134. Ra5+
Kf4 135. Ra3 Rc2+ 136. Kf1 Kg4 137. Rb3 f4 138. Ra3 Rh2 139. Rb3 Rh1+ 140. Kf2
Rc1 141. Ra3 Rc2+ 142. Kf1 f3 143. Ra8 Rc4 144. Rg8+ Kf4 145. Rf8+ Ke3 146. Re8+
Re4 147. Rxe4+ Kxe4 148. Kf2 Kf4 149. Kf1 Ke3 150. Ke1 f2+ 151. Kf1 Kd4 152. Ke2
f1=B+ 153. Kf2 1/2-1/2

[Event "27th Czech Open A 2016"]
[Site "Pardubice CZE"]
[Date "2016.07.26"]
[Round "5.78"]
[White "Wenninger, Philipp"]
[Black "Kulovana, Eva"]
[Result "1-0"]
[BlackTitle "WGM"]
[WhiteElo "2356"]
[BlackElo "2181"]
[WhiteFideId "4648404"]
[BlackFideId "318779"]
[EventDate "2016.07.22"]

1. Nf3 d5 2. c4 c6 3. g3 Nf6 4. Bg2 Bg4 5. Ne5 Be6 6. cxd5 Bxd5 7. Nf3 c5 8. Nc3
Bc6 9. O-O e6 10. d3 Be7 11. e4 O-O 12. Qe2 b5 13. e5 Nd5 14. Ne4 Nd7 15. h4 a6
16. h5 h6 17. g4 Qc7 18. Ng3 Qb7 19. Bd2 N5b6 20. Bh1 Rfd8 21. Kh2 Nf8 22. g5
hxg5 23. Bxg5 Bxg5 24. Nxg5 Bxh1 25. Rxh1 c4 26. h6 gxh6 27. N5e4 Ng6 28. Qh5
Kg7 29. f4 Rxd3 30. f5 exf5 31. Nxf5+ Kg8 32. Nf6+ 1-0

[Event "27th Czech Open A 2016"]
[Site "Pardubice CZE"]
[Date "2016.07.26"]
[Round "5.79"]
[White "Sanders, Isaac B"]
[Black "ter Stal, Rainer"]
[Result "1/2-1/2"]
[WhiteTitle "FM"]
[WhiteElo "2352"]
[BlackElo "2172"]
[WhiteFideId "417661"]
[BlackFideId "12993603"]
[EventDate "2016.07.22"]

1. e4 e6 2. Qe2 e5 3. Nf3 Nc6 4. c3 Nf6 5. d4 d6 6. dxe5 dxe5 7. g3 g6 8. Bg2
Bg7 9. O-O O-O 10. b3 Nd7 11. Ba3 Re8 12. Rd1 Qf6 13. Nbd2 Bf8 14. Bb2 Nc5 15.
Nc4 Qg7 16. Qc2 Be6 17. Ne3 f6 18. b4 Nd7 19. a3 Nd8 20. c4 Qf7 21. Rd2 Bh6 22.
Re1 Nb6 23. c5 Nc4 24. Rd3 Nxe3 25. fxe3 a5 26. Qc3 axb4 27. axb4 Bc4 28. Rd2
Nc6 29. Red1 Red8 30. Rxd8+ Rxd8 31. Rxd8+ Nxd8 32. Nd2 Be6 33. Bf1 Kg7 34. Nf3
Qd7 35. Kf2 Nf7 36. Be2 Ng5 37. Nxg5 Bxg5 38. b5 Bg4 39. c6 bxc6 40. bxc6 Qc8
41. Bxg4 Qxg4 42. Qd3 Qe6 43. Qd7+ Qf7 44. h4 Bh6 45. Ba3 Kg8 46. Qd8+ Kg7 47.
Qd5 Qe8 48. Qd7+ Qf7 49. Bd6 Kg8 50. Qd8+ Kg7 51. Qxc7 Qxc7 52. Bxc7 Kf7 53. Bd6
Ke6 54. Bc5 f5 55. Kf3 Bg7 56. exf5+ gxf5 57. e4 fxe4+ 58. Kxe4 h5 59. c7 Kd7
60. Bd6 1/2-1/2

[Event "27th Czech Open A 2016"]
[Site "Pardubice CZE"]
[Date "2016.07.26"]
[Round "5.80"]
[White "Semjonovs, Ilja"]
[Black "Raja, Harshit"]
[Result "1-0"]
[WhiteElo "2181"]
[BlackElo "2351"]
[WhiteFideId "11604263"]
[BlackFideId "5089000"]
[EventDate "2016.07.22"]

1. e4 c5 2. Nf3 d6 3. d4 cxd4 4. Nxd4 Nf6 5. Nc3 a6 6. Be3 e5 7. Nb3 Be6 8. f3
Be7 9. Qd2 Nbd7 10. g4 b5 11. g5 b4 12. Na4 Nh5 13. O-O-O a5 14. c4 bxc3 15.
Nxc3 a4 16. Na1 O-O 17. Bb5 Nb6 18. Nc2 Ra5 19. Nb4 Rxb5 20. Nc6 Qc7 21. Nxe7+
Qxe7 22. Nxb5 Nc4 23. Qc3 Rb8 24. Na3 Nxe3 25. Qxe3 Bxa2 26. Rd2 Nf4 27. b4 Bb3
28. Qc3 d5 29. exd5 Nxd5 30. Qc5 Qxg5 1-0

[Event "27th Czech Open A 2016"]
[Site "Pardubice CZE"]
[Date "2016.07.26"]
[Round "5.81"]
[White "Lomakin, Viktor"]
[Black "Pecnik, Leo"]
[Result "0-1"]
[BlackTitle "FM"]
[WhiteElo "2173"]
[BlackElo "2334"]
[WhiteFideId "14101920"]
[BlackFideId "14504480"]
[EventDate "2016.07.22"]

1. d4 Nf6 2. Nf3 g6 3. c4 Bg7 4. Nc3 O-O 5. e4 d6 6. Be2 e5 7. O-O exd4 8. Nxd4
Re8 9. f3 c6 10. Kh1 Nh5 11. g4 Nf6 12. Bf4 h5 13. g5 Nh7 14. Rg1 Nf8 15. Qd2
Nbd7 16. Rad1 Ne5 17. Be3 a6 18. b3 b5 19. cxb5 axb5 20. Rc1 Bb7 21. Nc2 f5 22.
Rgf1 Ne6 23. h4 Qd7 24. Kh2 f4 25. Bf2 Bc8 26. Ne1 Nc5 27. Rh1 b4 28. Nb1 Kh7
29. Rc2 Ng4+ 30. Kg2 Nxf2 31. Kxf2 Rxe4 32. Ng2 Rd4 33. Qc1 Qa7 34. Kg1 Nxb3 35.
axb3 Rd1+ 36. Kh2 Rxc1 37. Rhxc1 Qf2 0-1